Μεγάλες προσδοκίες

Saved in:
Bibliographic Details
Main Author: Dickens, Charles, 1812-1870
Other Authors: Νικολάκης, Νίκος (Translator)
Format: Book
Language:Greek
English
Published: [Αθήνα] : De Agostini, c2005.
Series:Ρομαντική λογοτεχνία
Subjects:
Tags: Add Tag
No Tags, Be the first to tag this record!

MARC

LEADER 00000cam a2200000 a 4500
001 1/115438
008 171101t2005####gr | ||| |||| ||gre||
020 |a 9604163169 
040 |a GR-MyUa  |b gre  |c GR-MyUa  |e AACR2 
041 1 |a gre  |h eng 
082 7 |a 823  |2 (23) 
100 1 |a Dickens, Charles,   |d 1812-1870. 
245 1 0 |a Μεγάλες προσδοκίες /   |c Κάρολος Ντίκενς ; μετάφραση Νίκος Νικολάκης.  
260 |a [Αθήνα] :   |b De Agostini,   |c c2005.  
300 |a 2 τ. (286, 319 σ. ) ;   |c 22 εκ.  
490 1 |a (Ρομαντική Λογοτεχνία)  
534 |p Μετάφραση του :   |t Great Expectations.  
650 0 |a English fiction. 
700 1 |a Νικολάκης, Νίκος,  |e trl 
830 0 |a Ρομαντική λογοτεχνία 
852 |a INST  |b SAMOS  |e 20171101  |h 823 DIC  |p 005300044991  |q 005300044991  |t BK  |v τομ.1:  |y 0 
852 |a INST  |b SAMOS  |e 20171101  |h 823 DIC  |p 005300044992  |q 005300044992  |t BK  |v τομ.2:  |y 0 
853 |a INST  |b SAMOS  |h 823 DIC 
970 |a Φιλιππή  |b Φάλη  |z 01-11-2017